书目信息 |
| 题名: |
机能实验学
|
|
| 作者: | 易光辉 , 谭健苗 主编 | |
| 分册: | ||
| 出版信息: | 北京 科学出版社 2016.08 |
|
| 页数: | 316页 | |
| 开本: | 26cm | |
| 丛书名: | ||
| 单 册: | ||
| 中图分类: | R-33 | |
| 科图分类: | ||
| 主题词: | 实验医学--高等学校--教材 | |
| 电子资源: | ||
| ISBN: | 978-7-03-049335-4 | |
| 000 | 00922nam0 2200253 450 | |
| 001 | 185 | |
| 005 | 20180925103851.60 | |
| 010 | @a978-7-03-049335-4@dCNY55.00 | |
| 100 | @a20160918d2016 em y0chiy50 ea | |
| 101 | 0 | @achi |
| 102 | @aCN@b110000 | |
| 105 | @aa z 000yy | |
| 200 | 1 | @a机能实验学@9ji neng shi yan xue@f易光辉,谭健苗主编 |
| 205 | @a2版 | |
| 210 | @a北京@c科学出版社@d2016.08 | |
| 215 | @a316页@c图@d26cm | |
| 300 | @a普通高等教育“十三五”规划教材 全国高等院校医学实验教学规划教材/姜志胜总主编 | |
| 330 | @a本书内容包括:实验动物的基础知识、机能学实验常用器械和仪器、机能实验常用生理溶液及药剂配制和换算、动物实验的基本方法与技术、实验动物及人体器官功能的检测方法等。 | |
| 606 | 0 | @a实验医学@x高等学校@j教材 |
| 690 | @aR-33@v5 | |
| 701 | 0 | @a易光辉@9yi guang hui@f(1961~)@4主编 |
| 701 | 0 | @a谭健苗@9tan jian miao@f(1967~)@4主编 |
| 801 | 0 | @aCN@b91MARC@c20161118 |
| 905 | @aMuseLib@dR-33@e293=2 | |
| 机能实验学/易光辉,谭健苗主编.-2版.-北京:科学出版社,2016.08 |
| 316页:图;26cm |
| 普通高等教育“十三五”规划教材 全国高等院校医学实验教学规划教材/姜志胜总主编 |
| ISBN 978-7-03-049335-4:CNY55.00 |
| 本书内容包括:实验动物的基础知识、机能学实验常用器械和仪器、机能实验常用生理溶液及药剂配制和换算、动物实验的基本方法与技术、实验动物及人体器官功能的检测方法等。 |
| ● |
| 相关链接 |
|
|
|
|
正题名:机能实验学
索取号:R-33/293=2
 
预约/预借
| 序号 | 登录号 | 条形码 | 馆藏地/架位号 | 状态 | 备注 |
| 1 | 1118659 | 211186599 | 第二样本阅览室/ [索取号:R-33/293=2] | 在馆 | |
| 2 | 1118660 | 211186606 | 第三借阅区/ [索取号:R-33/293=2] | 在馆 | |
| 3 | 1118661 | 211186615 | 第三借阅区/ [索取号:R-33/293=2] | 在馆 | |
| 4 | 1118662 | 211186624 | 第三借阅区/ [索取号:R-33/293=2] | 在馆 | |
| 5 | 1118663 | 211186633 | 化学系资料室/ [索取号:R-33/293=2] | 在馆 |